| 000 | 00742nam a2200253 a 4500 | ||
|---|---|---|---|
| 001 | 76484 | ||
| 003 | BD-RjUL | ||
| 005 | 20211209082841.0 | ||
| 008 | 191211s1958 mau 000 1 eng | ||
| 035 | _a(BD-RjUL)76706 | ||
| 035 | _a(OCoLC)1997396 | ||
| 040 |
_aDLC _cTU _dOCoLC _dDLC _dBD-RjUL _beng |
||
| 041 | _aeng | ||
| 082 |
_223 _a813.3 _bGIL 1958 |
||
| 100 | 1 |
_aGiles, Janice Holt. _9236301 |
|
| 245 | 1 | 4 |
_aThe land beyond the mountains / _cJanice Holt Giles |
| 260 |
_aBoston : _bHoughton Mifflin, _c1958. |
||
| 300 |
_a308 p. _c21 cm. |
||
| 600 | 1 | 0 |
_aWilkinson, James, _d1757-1825 _xFiction. _9236304 |
| 650 |
_aAmerican literature. _9236303 |
||
| 942 |
_2ddc _cBK |
||
| 999 |
_c76484 _d76484 |
||